Antibacterial screening of Juncaceae species native to the Carpathian Basin against resistant strains and LC-MS investigation of phenanthrenes responsible for the effect

Elmentve itt :
Bibliográfiai részletek
Szerzők: Tóth Barbara
Liktor-Busa Erika
Zsoldiné Urbán Edit
Csorba Attila
Jakab Gusztáv
Hohmann Judit
Vasas Andrea
Dokumentumtípus: Cikk
Megjelent: 2016
Sorozat:FITOTERAPIA 115
doi:10.1016/j.fitote.2016.09.024

mtmt:3121418
Online Access:http://publicatio.bibl.u-szeged.hu/9913
LEADER 00976nab a2200265 i 4500
001 publ9913
005 20200127102241.0
008 161114s2016 hu o 0|| zxx d
022 |a 0367-326X 
024 7 |a 10.1016/j.fitote.2016.09.024  |2 doi 
024 7 |a 3121418  |2 mtmt 
040 |a SZTE Publicatio Repozitórium  |b hun 
041 |a zxx 
100 1 |a Tóth Barbara 
245 1 0 |a Antibacterial screening of Juncaceae species native to the Carpathian Basin against resistant strains and LC-MS investigation of phenanthrenes responsible for the effect  |h [elektronikus dokumentum] /  |c  Tóth Barbara 
260 |c 2016 
300 |a 69-73 
490 0 |a FITOTERAPIA  |v 115 
700 0 2 |a Liktor-Busa Erika  |e aut 
700 0 2 |a Zsoldiné Urbán Edit  |e aut 
700 0 2 |a Csorba Attila  |e aut 
700 0 2 |a Jakab Gusztáv  |e aut 
700 0 2 |a Hohmann Judit  |e aut 
700 0 2 |a Vasas Andrea  |e aut 
856 4 0 |u http://publicatio.bibl.u-szeged.hu/9913/1/toth_barbara_fitoterapia_u.pdf  |z Dokumentum-elérés